000 00257nam a2200085Ia 4500
245 0 _aStart and run a home daycare
100 _a PRUISSEN, Catherine M Bellingham, Wash., 2003 4th ed
_973974
942 _cBK
008 210817s9999 xx 000 0 und d
999 _c265572
_d265571